00526nam a2200193 a 4500001001300000003000900013005001700022008004100039020002400080082002300104100002000127245002700147260004400174300000900218500003500227505003200262650001800294700002000312nice12345678IN_TiNIC20260116014712.0120110s2010 lona grp 000 0 eng  a9780198070016c119500a323.39710954bMUS8 aMushirul, Hasan aMushirul Hasan Omnibus aLondan bOxford University Press c2010 a383p aincludes index and biblioraphy2 aSeclect Bibliography, Index aMuslims-India1 aMushirul, Hasan